000 00405nam a22001337a 4500
020 _a9789696374091
082 _a954.91 HAS
100 _aHasan Javed,Syed
_972509
245 _aNational building paradoxes in india and pakistan
260 _aKarachi
_bParamount
_c2018
300 _a208 P
650 _aA diplomat's views of systemic and good governance challenges and opportunities
_972510
942 _cBK
999 _c578520
_d578520